Vista normal Vista MARC

Entrada Materia (personas)

Número de registros utilizados en: 2

001 - CONTROL NUMBER

  • control field: 37260

003 - CONTROL NUMBER IDENTIFIER

  • control field: Co-BoUCM

005 - DATE AND TIME OF LATEST TRANSACTION

  • control field: 20130510151353.0

008 - FIXED-LENGTH DATA ELEMENTS

  • fixed length control field: 130510|| aca||aabn | a|a d

040 ## - CATALOGING SOURCE

  • Original cataloging agency: Co-BoUCM
  • Transcribing agency: Co-BoUCM

100 ## - HEADING--PERSONAL NAME

  • Personal name: Hugo, Victor Marie
  • Dates associated with a name: 1802-1885
  • Titles and other words associated with a name: Conde

670 ## - SOURCE DATA FOUND

  • Source citation: Work cat.: (Co-BoUCM)43911: Hugo, Victor Marie 1802-1885 Conde, Los miserables, 2011